Donald Trump quiz - Statistics

General Stats
  • This quiz has been taken 128 times
  • The average score is 10 of 14
Answer Stats
Hint Answer % Correct
Trump’s predecessor Barack Obama
96%
Famous candidate who he lost against Joseph Biden
95%
Middle name John
94%
Political party Republican
92%
Famous candidate who he won against Hillary Clinton
91%
Birth state New York
87%
Trump is known for hating illegal immigrating from this country Mexico
81%
Trump’s current wife Melania Trump
80%
Country the above is from Canada
69%
Prime minister Trump referred to as, “Weak” Justin Trudeau
65%
Birth country of the above (doesn’t exist anymore) Yugoslavia
59%
Language Trump’s daughter speaks (other than English) French
44%
Presidents before Trump 44
35%
Prime minister who spoke in a Texas Trump rally Narendra Modi
9%
No matching quizzes found
Score Distribution
Percent of People with Each Score
Percentile by Number Answered
Your Score History
You have not taken this quiz